[Event "Czech Open GM 2020"]
[Site "Pardubice"]
[Date "2020.09.24"]
[Round "4.13"]
[White "Kusa, Jakub"]
[Black "Zwardon, Vojtech"]
[Result "0-1"]
[WhiteElo "2200"]
[BlackElo "2455"]
[Annotator "ChessBase"]
[PlyCount "74"]
[EventDate "2020.09.21"]
[EventCountry "CZE"]
[SourceTitle "playchess.com"]
[Source "ChessBase"]
[SourceQuality "1"]
[TimeControl "40/5400+30:1800+30"]

1. e4 {[%emt 0:00:00]} c5 {[%emt 0:06:07]} 2. Nf3 {[%emt 0:00:00]} Nc6 {[%emt 0:00:04]} 3. Bb5 {[%emt 0:00:01]} g6 {[%emt 0:00:06]} 4. Bxc6 {[%emt 0:00:09]} dxc6 {[%emt 0:00:03]} 5. d3 {[%emt 0:00:15]} Bg7 {[%emt 0:00:02]} 6. h3 {[%emt 0:00:18]} Nf6 {[%emt 0:00:04]} 7. Nc3 {[%emt 0:00:34]} O-O {[%emt 0:00:04]} 8. O-O {[%emt 0:00:24]} Qc7 {[%emt 0:00:27]} 9. Be3 {[%emt 0:01:23]} Nd7 {[%emt 0:00:31]} 10. Qd2 {[%emt 0:02:55]} Rd8 {[%emt 0:00:06]} 11. Nh2 {[%emt 0:04:29]} e5 {[%emt 0:10:03]} 12. Rad1 {[%emt 0:09:16]} b6 {[%emt 0:01:52]} 13. f4 {[%emt 0:01:24]} Ba6 {[%emt 0:02:59]} 14. Ng4 {[%emt 0:09:59]} h5 {[%emt 0:03:05]} 15. Nh2 {[%emt 0:03:35]} c4 {[%emt 0:00:24]} 16. d4 {[%emt 0:01:39]} exd4 {[%emt 0:01:23]} 17. Bxd4 {[%emt 0:01:05]} Nf8 {[%emt 0:00:33]} 18. Qe3 {[%emt 0:03:56]} Bh6 {[%emt 0:01:00]} 19. Qf2 {[%emt 0:10:44]} Rxd4 {[%emt 0:05:35]} 20. Qxd4 {[%emt 0:02:40]} Bxf4 {[%emt 0:00:30]} 21. Nf3 {[%emt 0:00:19]} b5 {[%emt 0:03:31]} 22. a3 {[%emt 0:03:52]} Re8 {[%emt 0:00:11]} 23. e5 {[%emt 0:04:10]} Bxe5 {[%emt 0:14:07]} 24. Nxe5 {[%emt 0:00:09]} Rxe5 {[%emt 0:00:05]} 25. Ne4 {[%emt 0:02:36]} Qb6 {[%emt 0:00:19]} 26. Nf6+ {[%emt 0:01:34]} Kg7 {[%emt 0:00:12]} 27. Qxb6 {[%emt 0:00:49]} axb6 {[%emt 0:00:02]} 28. Nd7 {[%emt 0:00:17]} Re7 {[%emt 0:00:16]} 29. Nxf8 {[%emt 0:01:19]} Kxf8 {[%emt 0:00:03]} 30. Rd6 {[%emt 0:01:27]} Rc7 {[%emt 0:00:10]} 31. Rxg6 {[%emt 0:02:16]} b4 {[%emt 0:00:03]} 32. Rg3 {[%emt 0:01:17]} h4 {[%emt 0:04:51]} 33. Re3 {[%emt 0:01:27]} c3 {[%emt 0:00:06]} 34. Rb1 {[%emt 0:01:06]} Rd7 {[%emt 0:00:03]} 35. axb4 {[%emt 0:02:03]} cxb2 {[%emt 0:00:14]} 36. Rxb2 {[%emt 0:01:17]} Rd1+ {[%emt 0:00:04]} 37. Kf2 {[%emt 0:03:02]} Rf1# {[%emt 0:00:07]} 0-1

[Event "Czech Open GM 2020"]
[Site "Pardubice"]
[Date "2020.09.24"]
[Round "4.14"]
[White "Jedlicka, Ales"]
[Black "Arkell, Keith C"]
[Result "1/2-1/2"]
[WhiteElo "2197"]
[BlackElo "2429"]
[Annotator "ChessBase"]
[PlyCount "131"]
[EventDate "2020.09.21"]
[EventCountry "CZE"]
[SourceTitle "playchess.com"]
[Source "ChessBase"]
[SourceQuality "1"]
[TimeControl "40/5400+30:1800+30"]

1. d4 {[%emt 0:00:00]} e6 {[%emt 0:07:23]} 2. c4 {[%emt 0:00:00]} Bb4+ {[%emt 0:00:05]} 3. Bd2 {[%emt 0:00:09]} Qe7 {[%emt 0:00:12]} 4. Nf3 {[%emt 0:00:14]} f5 {[%emt 0:00:55]} 5. g3 {[%emt 0:00:29]} b6 {[%emt 0:00:09]} 6. Bg2 {[%emt 0:00:13]} Bb7 {[%emt 0:00:04]} 7. O-O {[%emt 0:00:30]} Bxd2 {[%emt 0:00:09]} 8. Qxd2 {[%emt 0:00:16]} Nf6 {[%emt 0:00:05]} 9. Nc3 {[%emt 0:00:20]} Ne4 {[%emt 0:00:19]} 10. Qc2 {[%emt 0:00:21]} Nxc3 {[%emt 0:00:11]} 11. Qxc3 {[%emt 0:00:11]} d6 {[%emt 0:00:50]} 12. Rfd1 {[%emt 0:00:50]} Be4 {[%emt 0:00:29]} 13. Bf1 {[%emt 0:00:35]} Nd7 {[%emt 0:00:43]} 14. Nd2 {[%emt 0:00:19]} Bb7 {[%emt 0:00:07]} 15. b4 {[%emt 0:00:51]} O-O {[%emt 0:00:16]} 16. Bg2 {[%emt 0:04:15]} Bxg2 {[%emt 0:00:07]} 17. Kxg2 {[%emt 0:00:13]} e5 {[%emt 0:00:33]} 18. dxe5 {[%emt 0:00:28]} dxe5 {[%emt 0:00:12]} 19. Nb3 {[%emt 0:01:43]} Nf6 {[%emt 0:01:12]} 20. c5 {[%emt 0:00:39]} Rad8 {[%emt 0:02:17]} 21. Rac1 {[%emt 0:02:32]} Nd5 {[%emt 0:07:33]} 22. Qc4 {[%emt 0:02:56]} Qe6 {[%emt 0:04:46]} 23. cxb6 {[%emt 0:03:48]} cxb6 {[%emt 0:07:41]} 24. Rd2 {[%emt 0:03:59]} Rd6 {[%emt 0:02:17]} 25. Kg1 {[%emt 0:01:35]} Rfd8 {[%emt 0:01:10]} 26. e4 {[%emt 0:03:39]} fxe4 {[%emt 0:00:06]} 27. Qxe4 {[%emt 0:01:21]} Nf6 {[%emt 0:07:02]} 28. Rxd6 {[%emt 0:02:34]} Qxd6 {[%emt 0:10:26]} 29. Qc4+ {[%emt 0:00:27]} Qd5 {[%emt 0:04:33]} 30. Kf1 {[%emt 0:12:37]} Kf8 {[%emt 0:01:43]} 31. Qxd5 {[%emt 0:00:20]} Nxd5 {[%emt 0:00:07]} 32. a3 {[%emt 0:00:43]} Ke7 {[%emt 0:00:25]} 33. Ke2 {[%emt 0:00:20]} Ke6 {[%emt 0:00:55]} 34. Nd2 {[%emt 0:00:25]} Rd7 {[%emt 0:03:24]} 35. Ne4 {[%emt 0:01:02]} Nc7 {[%emt 0:01:12]} 36. a4 {[%emt 0:03:50]} Kf5 {[%emt 0:02:57]} 37. f3 {[%emt 0:02:00]} Ne6 {[%emt 0:02:16]} 38. Ke3 {[%emt 0:01:24]} Nd4 {[%emt 0:01:28]} 39. g4+ {[%emt 0:04:23]} Kg6 {[%emt 0:00:37]} 40. h4 {[%emt 0:01:59]} Rf7 {[%emt 0:07:40]} 41. h5+ {[%emt 0:36:39]} Kh6 {[%emt 0:30:01]} 42. Nd2 {[%emt 0:00:25]} g6 {[%emt 0:09:46]} 43. hxg6 {[%emt 0:00:15]} hxg6 {[%emt 0:00:18]} 44. b5 {[%emt 0:03:10]} Ne6 {[%emt 0:03:46]} 45. Ne4 {[%emt 0:03:26]} Rd7 {[%emt 0:02:20]} 46. Rc6 {[%emt 0:08:34]} Nf4 {[%emt 0:02:19]} 47. g5+ {[%emt 0:00:26]} Kg7 {[%emt 0:00:07]} 48. Nf6 {[%emt 0:01:04]} Re7 {[%emt 0:03:09]} 49. Rc8 {[%emt 0:06:07]} Kf7 {[%emt 0:00:00]} 50. Ng8 {[%emt 0:00:00]} Rd7 {[%emt 0:00:00]} 51. Nf6 {[%emt 0:00:00]} Rd4 {[%emt 0:00:00]} 52. Rc7+ {[%emt 0:00:00]} Ke6 {[%emt 0:00:00]} 53. Rc6+ {[%emt 0:00:00]} Kf5 {[%emt 0:00:00]} 54. Ne4 {[%emt 0:00:00]} Nd5+ {[%emt 0:00:00]} 55. Kf2 {[%emt 0:00:00]} Kf4 {[%emt 0:02:08]} 56. Rxg6 {[%emt 0:00:00]} Rxa4 {[%emt 0:00:54]} 57. Rd6 {[%emt 0:00:00]} Ra2+ {[%emt 0:00:47]} 58. Kg1 {[%emt 0:00:00]} Kxf3 {[%emt 0:04:14]} 59. Rxd5 {[%emt 0:00:00]} Ra1+ {[%emt 0:00:58]} 60. Kh2 {[%emt 0:00:00]} Kxe4 {[%emt 0:00:02]} 61. g6 {[%emt 0:01:25]} Rc1 {[%emt 0:00:12]} 62. g7 {[%emt 0:00:46]} Rc8 {[%emt 0:00:08]} 63. Rd7 {[%emt 0:00:25]} Kf5 {[%emt 0:02:17]} 64. Rxa7 {[%emt 0:00:27]} Kg6 {[%emt 0:02:55]} 65. Rb7 {[%emt 0:00:50]} Kh7 {[%emt 0:00:36]} 66. Rxb6 {[%emt 0:02:00]} 1/2-1/2

[Event "Czech Open GM 2020"]
[Site "Pardubice"]
[Date "2020.09.24"]
[Round "4.15"]
[White "Crevatin, Leo"]
[Black "Jurcik, Marian"]
[Result "0-1"]
[WhiteElo "2188"]
[BlackElo "2426"]
[Annotator "ChessBase"]
[PlyCount "87"]
[EventDate "2020.09.21"]
[EventCountry "CZE"]
[SourceTitle "playchess.com"]
[Source "ChessBase"]
[SourceQuality "1"]
[TimeControl "40/5400+30:1800+30"]

1. d4 {[%emt 0:00:00]} d6 {[%emt 0:05:25]} 2. e4 {[%emt 0:02:10]} g6 {[%emt 0:03:18]} 3. c4 {[%emt 0:00:21]} e5 {[%emt 0:06:05]} 4. Ne2 {[%emt 0:02:42]} Bg7 {[%emt 0:07:06]} 5. Nbc3 {[%emt 0:02:14]} Ne7 {[%emt 0:04:08]} 6. h4 {[%emt 0:12:30]} exd4 {[%emt 0:01:41]} 7. Nxd4 {[%emt 0:00:34]} Nbc6 {[%emt 0:08:33]} 8. Be3 {[%emt 0:01:04]} h5 {[%emt 0:01:03]} 9. Be2 {[%emt 0:04:24]} a6 {[%emt 0:03:18]} 10. Qd2 {[%emt 0:12:56]} Ne5 {[%emt 0:10:23]} 11. f3 {[%emt 0:07:18]} c5 {[%emt 0:01:37]} 12. Nc2 {[%emt 0:02:46]} Be6 {[%emt 0:00:13]} 13. b3 {[%emt 0:06:05]} Qa5 {[%emt 0:07:13]} 14. Nd5 {[%emt 0:04:30]} Qxd2+ {[%emt 0:00:53]} 15. Kxd2 {[%emt 0:00:42]} Nxd5 {[%emt 0:02:27]} 16. cxd5 {[%emt 0:04:05]} Bd7 {[%emt 0:00:43]} 17. a4 {[%emt 0:02:37]} f5 {[%emt 0:05:26]} 18. exf5 {[%emt 0:05:44]} Bxf5 {[%emt 0:00:20]} 19. Na3 {[%emt 0:01:48]} O-O {[%emt 0:01:11]} 20. a5 {[%emt 0:06:27]} Rab8 {[%emt 0:12:11]} 21. Ra2 {[%emt 0:07:10]} b5 {[%emt 0:00:02]} 22. axb6 {[%emt 0:00:12]} Rxb6 {[%emt 0:00:02]} 23. Nc4 {[%emt 0:01:02]} Rxb3 {[%emt 0:01:56]} 24. Nxd6 {[%emt 0:00:51]} Bb1 {[%emt 0:00:46]} 25. Rxb1 {[%emt 0:02:44]} Rxb1 {[%emt 0:00:03]} 26. Bxc5 {[%emt 0:00:50]} Rfb8 {[%emt 0:08:05]} 27. Ke3 {[%emt 0:03:38]} Nd7 {[%emt 0:00:47]} 28. Ba7 {[%emt 0:01:58]} R8b2 {[%emt 0:02:44]} 29. Rxb2 {[%emt 0:01:13]} Rxb2 {[%emt 0:00:03]} 30. Ne4 {[%emt 0:00:37]} a5 {[%emt 0:00:17]} 31. d6 {[%emt 0:00:42]} Rb4 {[%emt 0:02:16]} 32. Ba6 {[%emt 0:01:44]} Kf8 {[%emt 0:02:14]} 33. Ng5 {[%emt 0:00:48]} Bh6 {[%emt 0:00:55]} 34. f4 {[%emt 0:00:55]} Bxg5 {[%emt 0:00:19]} 35. hxg5 {[%emt 0:00:03]} a4 {[%emt 0:00:17]} 36. Bd4 {[%emt 0:00:34]} a3 {[%emt 0:00:20]} 37. Bh8 {[%emt 0:01:10]} a2 {[%emt 0:01:21]} 38. Bc8 {[%emt 0:00:26]} Ke8 {[%emt 0:00:37]} 39. f5 {[%emt 0:00:29]} gxf5 {[%emt 0:00:13]} 40. g6 {[%emt 0:00:43]} Rg4 {[%emt 0:02:02]} 41. g7 {[%emt 0:02:32]} Nf6 {[%emt 0:06:14]} 42. g8=Q+ {[%emt 0:02:52]} Rxg8 {[%emt 0:00:45]} 43. Bxf6 {[%emt 0:00:11]} Kf7 {[%emt 0:00:04]} 44. Kd4 {[%emt 0:00:20]} 0-1

[Event "Czech Open GM 2020"]
[Site "Pardubice"]
[Date "2020.09.24"]
[Round "4.16"]
[White "Pantzar, Milton"]
[Black "Lorscheid, Gerhard"]
[Result "1-0"]
[WhiteElo "2424"]
[BlackElo "2185"]
[Annotator "NA"]
[PlyCount "49"]
[EventDate "2020.09.21"]
[EventCountry "CZE"]
[SourceTitle "playchess.com"]
[Source "ChessBase"]
[SourceQuality "1"]
[TimeControl "40/5400+30:1800+30"]

1. d4 {[%emt 0:00:00]} d6 {[%emt 0:00:09]} 2. c4 {[%emt 0:00:00]} Nf6 {[%emt 0:01:03]} 3. Nc3 {[%emt 0:00:04]} Nbd7 {[%emt 0:00:07]} 4. e4 {[%emt 0:02:25]} e5 {[%emt 0:00:06]} 5. Nge2 {[%emt 0:03:06]} c6 {[%emt 0:02:16]} 6. g3 {[%emt 0:02:21]} g6 {[%emt 0:04:05]} 7. Bg2 {[%emt 0:01:15]} Bg7 {[%emt 0:00:06]} 8. O-O {[%emt 0:00:10]} O-O {[%emt 0:00:05]} 9. h3 {[%emt 0:03:40]} Qb6 {[%emt 0:00:45]} 10. Be3 {[%emt 0:07:26]} Qxb2 {[%emt 0:05:51]} 11. a3 {[%emt 0:06:30]} exd4 {[%emt 0:16:58]} 12. Bxd4 {[%emt 0:01:34]} c5 {[%emt 0:00:17]} 13. Na4 {[%emt 0:01:00]} Qxd4 {[%emt 0:00:40]} 14. Nxd4 {[%emt 0:00:04]} cxd4 {[%emt 0:00:05]} 15. Qxd4 {[%emt 0:16:29]} Ne8 {[%emt 0:01:25]} 16. Qe3 {[%emt 0:00:44]} Bxa1 {[%emt 0:00:21]} 17. Rxa1 {[%emt 0:00:06]} Ne5 {[%emt 0:03:52]} 18. c5 {[%emt 0:03:48]} Nc6 {[%emt 0:04:25]} 19. Rd1 {[%emt 0:01:45]} dxc5 {[%emt 0:01:14]} 20. Nxc5 {[%emt 0:00:45]} Ng7 {[%emt 0:02:15]} 21. f4 {[%emt 0:04:07]} Ne6 {[%emt 0:03:47]} 22. Nxe6 {[%emt 0:05:49]} Bxe6 {[%emt 0:00:26]} 23. f5 {[%emt 0:02:44]} gxf5 {[%emt 0:00:05]} 24. Qg5+ {[%emt 0:00:35]} Kh8 {[%emt 0:00:02]} 25. Qf6+ {[%emt 0:00:12]} 1-0

[Event "Czech Open GM 2020"]
[Site "Pardubice"]
[Date "2020.09.24"]
[Round "4.17"]
[White "Vokac, Marek"]
[Black "Iolis, Oleg"]
[Result "1-0"]
[WhiteElo "2365"]
[BlackElo "2173"]
[Annotator "TA"]
[PlyCount "243"]
[EventDate "2020.09.21"]
[EventCountry "CZE"]
[SourceTitle "playchess.com"]
[Source "ChessBase"]
[SourceQuality "1"]

{[%evp 17,243,15,16,0,0,0,20,0,1,-65,-68,-65,-55,-62,-52,-52,-50,-70,-32,-42,-51,-71,-67,-68,-32,-66,0,-32,-24,-33,-30,-33,-26,-44,-61,-96,-13,-28,0,-42,-53,-80,0,0,0,0,0,0,0,0,0,0,0,0,0,0,0,0,0,0,0,0,0,0,0,0,0,0,0,0,0,0,0,0,0,-10,0,0,0,0,0,0,0,0,0,0,0,0,0,0,0,0,0,0,0,0,0,0,0,0,0,0,0,0,0,0,0,0,0,0,0,0,0,0,0,0,0,0,0,0,0,0,0,0,0,0,0,0,0,0,0,0,0,0,0,0,0,0,0,0,0,0,0,0,0,0,0,0,0,0,0,0,0,0,0,0,0,0,0,0,0,0,0,0,0,0,0,0,0,0,0,0,0,0,0,0,0,0,0,0,0,0,0,0,0,0,0,0,0,0,0,0,0,0,0,0,0,0,0,0,0,0,0,0,0,0,0,0,0,0,0,0,0,0,0,0,0,0,0,0,8,8,29971,29971,29980,29981,29982,29983]} 1. Nf3 Nf6 2. c4 c5 3. Nc3 d5 4. cxd5 Nxd5 5. g3 Nc6 6. Bg2 Nc7 7. O-O e5 8. d3 Be7 9. Nd2 Be6 {9...0-0 is setting a new trend.} 10. Nc4 {A34: Symmetrical English: 2 Nc3, lines with ...d5.} Nd5 11. Qb3 Nb6 (11... Nd4 $5 {[%cal Rd4b3]} 12. Qa4+ (12. Qxb7 Rb8 $11) 12... b5 13. Nxb5 Nxe2+ 14. Kh1 O-O $14) 12. Qb5 {[#] The position is equal.} O-O $146 {White should prevent ...Nd4.} ({Predecessor:} 12... Nxc4 13. dxc4 Qb6 14. Qxb6 axb6 15. Nd5 Bxd5 16. Bxd5 f6 17. f4 Bd6 18. Rd1 Ke7 {½-½ (66) Hujo,J (2061)-Blaha,P (2162) Stare Mesto 2004}) 13. Nxb6 (13. Bxc6 $11 bxc6 14. Qxc6) 13... Nd4 $15 14. Nxa8 Nxb5 15. Nxb5 Qxa8 16. Nc7 $1 {[%cal Rc7a8]} Qc8 17. Nxe6 fxe6 (17... Qxe6 {seems wilder.} 18. Bxb7 c4 19. Rd1 Qd7 20. Bf3 Bc5) 18. Be3 b6 19. Rfc1 Qd8 20. h4 Bf6 21. Be4 Be7 ({Better is} 21... g5 $15 22. h5 g4) 22. b3 g5 23. h5 g4 24. Kg2 $1 Bg5 25. Bxg5 Qxg5 26. Rc2 a5 (26... Qxh5 $17 {And now ...Qh3+ would win.} 27. Rh1 Qf7) 27. Rh1 $11 Rf6 (27... Rf7 {is more complex.} 28. e3 Kg7 29. h6+ Kf6 30. Rh4 Qg8) 28. Rh4 Rh6 29. f3 $1 gxf3+ (29... Kf7 $17 30. fxg4 Kg8) 30. Bxf3 Kf8 31. a3 Rf6 32. Rg4 Qe3 33. Re4 Qg5 34. b4 axb4 35. axb4 Rf4 $1 {[%cal Rf4e4] White must now prevent ...Rxe4.} 36. bxc5 Rxe4 37. Bxe4 bxc5 38. Rxc5 Qxh5 {[%mdl 4096] Endgame KQ-KRB} 39. Bf3 Qg5 40. Rc8+ Kg7 41. Rc7+ Kg8 42. Rc4 Qf6 (42... Qd8 {is more complex.} 43. Rc5 Qb8 44. Rc6 Kf7 45. Bg4 Qb5) 43. Rc8+ Kg7 44. Rc7+ Kg8 45. Rc6 Kf8 46. Bg4 Qg5 47. Bxe6 e4 48. dxe4 Qe3 49. Bg4 $1 Qxe4+ 50. Bf3 Qe5 51. Rc4 h6 52. Re4 Qb2 53. Rf4+ Kg7 54. Rg4+ Kf6 55. Kh3 Qc1 56. Rf4+ Kg7 57. Kg2 Qb2 58. Rf5 Kg6 59. Rd5 Kg7 60. Kh3 Qa1 61. Kg4 Qa4+ 62. e4 Qc4 63. Rf5 $1 Qe6 64. Kh3 Kg6 65. Kh2 Qa2+ 66. Bg2 Qe2 67. Kh3 Qd2 68. Bf3 Qc1 69. Kh4 Qc4 70. Bh5+ Kg7 71. Rf7+ Kg8 72. Rf4 Qc1 73. Bf7+ (73. Bf3 {is interesting.} Qc5 74. Rf5 Qe7+ 75. Kg4 Qg7+ 76. Kh3) 73... Kg7 74. Be6 Kg6 75. Bf5+ $1 Kf6 76. Bh3+ Ke5 77. Bg2 Qg1 78. Rf5+ Kd4 79. Kh3 Qc1 80. Kh2 Qa1 81. Rd5+ Ke3 82. Rh5 Qf6 83. Rf5 Qg6 84. Kh3 Qe6 85. Kh4 Kd4 86. Kh5 Qa2 87. Bf3 Qh2+ 88. Kg4 Qa2 89. Rf6 Qg8+ 90. Kh3 Qc8+ 91. Rf5 Ke3 92. Bg2 Qd7 93. Kh2 Qc8 94. Rf6 Qh8 95. Rf1 Qe5 96. Rf4 Qh5+ 97. Kg1 Qd1+ 98. Rf1 Qg4 (98... Qd2 {with more complications.} 99. Kh2 Kd4 100. Rf4 h5 101. Kg1 Ke5) 99. Re1+ Kd4 (99... Kd2 $5 100. Kf2 $8 Qg6 101. Re2+ Kc3 $11) 100. Kf2 Ke5 101. Rh1 Qg5 102. Rh4 Kd4 103. Rf4 Kd3 104. Bf1+ Kd2 105. Kg2 Ke3 106. Bc4 Qc5 107. Bd5 Qc2+ 108. Kh3 Qc8+ 109. Rf5 Qc1 110. e5 Qb1 111. Rf4 Qd1 112. Bf7 Qh1+ 113. Kg4 Qd1+ 114. Kf5 Qg1 115. Re4+ Kd3 116. Bc4+ Kc3 117. e6 {Hoping for e7.} Qf2+ (117... Qxg3 $5 118. e7 $8 Qf2+ 119. Kg6 Qg2+ 120. Kf5 Qf2+ 121. Kg6 Qg2+ 122. Kf5 Qf2+ $11) 118. Kg4 {e7 is the strong threat.} Qg2 (118... Qf6 $5 119. Rf4 $8 Qg5+ 120. Kf3 Qh5+ 121. g4 Qh3+ 122. Kf2 Qh4+ 123. Kf3 h5 $11) 119. Bd5 {White threatens Re3+ and mate.} Qd2 $2 {[%mdl 8192] [#]} (119... h5+ $11 120. Kf5 (120. Kxh5 Qh3+ 121. Kg6 Qxg3+ 122. Kh5 Qd6 $11) 120... Qd2) 120. e7 {White mates.} Qg5+ 121. Kf3 Qf5+ 122. Kg2 {Accuracy: White = 94%, Black = 90%.} 1-0

[Event "Czech Open GM 2020"]
[Site "Pardubice"]
[Date "2020.09.24"]
[Round "4.18"]
[White "Storme, Isak"]
[Black "Schimnatkowski, Lukas"]
[Result "1-0"]
[WhiteElo "2353"]
[BlackElo "2148"]
[Annotator "NA"]
[PlyCount "85"]
[EventDate "2020.09.21"]
[EventCountry "CZE"]
[SourceTitle "playchess.com"]
[Source "ChessBase"]
[SourceQuality "1"]
[TimeControl "40/5400+30:1800+30"]

1. e4 {[%emt 0:47:09]} c5 {[%emt 0:00:13]} 2. Nf3 {[%emt 0:00:12]} d6 {[%emt 0:00:15]} 3. d4 {[%emt 0:00:06]} cxd4 {[%emt 0:00:07]} 4. Nxd4 {[%emt 0:00:05]} Nf6 {[%emt 0:00:06]} 5. Nc3 {[%emt 0:00:06]} g6 {[%emt 0:00:07]} 6. Be3 {[%emt 0:00:04]} Bg7 {[%emt 0:00:05]} 7. f3 {[%emt 0:00:08]} a6 {[%emt 0:00:06]} 8. Qd2 {[%emt 0:00:10]} Nbd7 {[%emt 0:00:06]} 9. g4 {[%emt 0:00:25]} b5 {[%emt 0:00:09]} 10. h4 {[%emt 0:00:44]} Ne5 {[%emt 0:00:11]} 11. h5 {[%emt 0:04:00]} b4 {[%emt 0:00:09]} 12. Nd5 {[%emt 0:11:37]} gxh5 {[%emt 0:02:35]} 13. Nxf6+ {[%emt 0:10:42]} Bxf6 {[%emt 0:00:51]} 14. g5 {[%emt 0:02:41]} Nxf3+ {[%emt 0:03:11]} 15. Nxf3 {[%emt 0:04:09]} Bxb2 {[%emt 0:00:06]} 16. Bd4 {[%emt 0:03:10]} Bxa1 {[%emt 0:00:05]} 17. Bxa1 {[%emt 0:00:14]} e5 {[%emt 0:00:04]} 18. Bc4 {[%emt 0:09:15]} Bg4 {[%emt 0:21:48]} 19. Rf1 {[%emt 0:05:44]} O-O {[%emt 0:10:59]} 20. Nd4 {[%emt 0:08:02]} Rc8 {[%emt 0:13:31]} 21. Bd5 {[%emt 0:06:42]} exd4 {[%emt 0:05:51]} 22. Qxd4 {[%emt 0:00:19]} Rc3 {[%emt 0:00:14]} 23. Rf6 {[%emt 0:08:31]} Qe7 {[%emt 0:13:13]} 24. g6 {[%emt 0:07:51]} Qe5 {[%emt 0:02:24]} 25. Qxe5 {[%emt 0:02:16]} dxe5 {[%emt 0:00:18]} 26. Bxc3 {[%emt 0:00:12]} bxc3 {[%emt 0:00:47]} 27. gxf7+ {[%emt 0:00:08]} Kg7 {[%emt 0:00:10]} 28. Rxa6 {[%emt 0:00:09]} h4 {[%emt 0:11:09]} 29. Kf2 {[%emt 0:03:24]} Bh5 {[%emt 0:06:59]} 30. a4 {[%emt 0:01:43]} Bd1 {[%emt 0:00:46]} 31. Rc6 {[%emt 0:00:44]} Bxc2 {[%emt 0:02:53]} 32. a5 {[%emt 0:00:04]} Bxe4 {[%emt 0:05:42]} 33. Bxe4 {[%emt 0:00:06]} Rxf7+ {[%emt 0:00:08]} 34. Ke3 {[%emt 0:00:24]} Rf1 {[%emt 0:00:49]} 35. a6 {[%emt 0:02:36]} Ra1 {[%emt 0:00:49]} 36. Rc7+ {[%emt 0:00:10]} Kf6 {[%emt 0:00:31]} 37. a7 {[%emt 0:00:22]} c2 {[%emt 0:00:22]} 38. a8=Q {[%emt 0:00:24]} c1=Q+ {[%emt 0:00:20]} 39. Rxc1 {[%emt 0:00:09]} Rxc1 {[%emt 0:00:05]} 40. Qf8+ {[%emt 0:00:17]} Kg5 {[%emt 0:00:20]} 41. Qf5+ {[%emt 0:00:08]} Kh6 {[%emt 0:00:06]} 42. Qf6+ {[%emt 0:00:08]} Kh5 {[%emt 0:00:07]} 43. Bf3# {[%emt 0:00:05]} 1-0

[Event "Czech Open GM 2020"]
[Site "Pardubice"]
[Date "2020.09.24"]
[Round "4.19"]
[White "Seitz, Patrick"]
[Black "Finek, Vaclav"]
[Result "0-1"]
[WhiteElo "2186"]
[BlackElo "2344"]
[Annotator "NA"]
[PlyCount "88"]
[EventDate "2020.09.21"]
[EventCountry "CZE"]
[SourceTitle "playchess.com"]
[Source "ChessBase"]
[SourceQuality "1"]
[TimeControl "40/5400+30:1800+30"]

1. e4 {[%emt 0:48:19]} Nf6 {[%emt 0:00:06]} 2. e5 {[%emt 0:00:06]} Nd5 {[%emt 0:00:05]} 3. d4 {[%emt 0:00:09]} d6 {[%emt 0:00:03]} 4. Nf3 {[%emt 0:00:25]} dxe5 {[%emt 0:00:14]} 5. Nxe5 {[%emt 0:00:16]} c6 {[%emt 0:00:08]} 6. Bc4 {[%emt 0:00:36]} Nd7 {[%emt 0:00:43]} 7. Nf3 {[%emt 0:00:59]} e6 {[%emt 0:00:14]} 8. O-O {[%emt 0:00:15]} Bd6 {[%emt 0:00:25]} 9. Bb3 {[%emt 0:00:56]} O-O {[%emt 0:01:18]} 10. c4 {[%emt 0:02:25]} N5f6 {[%emt 0:00:15]} 11. Nc3 {[%emt 0:00:34]} Qc7 {[%emt 0:05:35]} 12. Bg5 {[%emt 0:03:20]} b6 {[%emt 0:05:49]} 13. Rc1 {[%emt 0:03:26]} Bb7 {[%emt 0:00:41]} 14. Qd3 {[%emt 0:04:40]} Bf4 {[%emt 0:19:18]} 15. Bxf4 {[%emt 0:01:38]} Qxf4 {[%emt 0:00:03]} 16. Ne2 {[%emt 0:00:44]} Qd6 {[%emt 0:00:57]} 17. Rfd1 {[%emt 0:01:08]} c5 {[%emt 0:04:43]} 18. Ba4 {[%emt 0:03:43]} cxd4 {[%emt 0:04:55]} 19. Bxd7 {[%emt 0:00:56]} Qxd7 {[%emt 0:00:07]} 20. Ne5 {[%emt 0:01:17]} Qc7 {[%emt 0:03:44]} 21. Qxd4 {[%emt 0:01:07]} Rad8 {[%emt 0:01:08]} 22. Qf4 {[%emt 0:03:41]} Nd7 {[%emt 0:07:28]} 23. Nxd7 {[%emt 0:02:12]} Rxd7 {[%emt 0:00:17]} 24. Qxc7 {[%emt 0:00:26]} Rxc7 {[%emt 0:00:02]} 25. Rc3 {[%emt 0:00:33]} Rfc8 {[%emt 0:02:05]} 26. Rcd3 {[%emt 0:02:07]} Kf8 {[%emt 0:03:26]} 27. b3 {[%emt 0:02:07]} Ke7 {[%emt 0:02:12]} 28. f3 {[%emt 0:00:48]} Ba8 {[%emt 0:02:42]} 29. Kf2 {[%emt 0:03:04]} a6 {[%emt 0:02:07]} 30. a4 {[%emt 0:01:06]} Bc6 {[%emt 0:02:31]} 31. Nd4 {[%emt 0:05:06]} Bd7 {[%emt 0:00:48]} 32. f4 {[%emt 0:03:11]} h6 {[%emt 0:02:07]} 33. Ke3 {[%emt 0:08:07]} g5 {[%emt 0:02:16]} 34. g3 {[%emt 0:02:43]} Rg8 {[%emt 0:03:03]} 35. Nc2 {[%emt 0:12:31]} gxf4+ {[%emt 0:03:32]} 36. Kxf4 {[%emt 0:03:41]} b5 {[%emt 0:09:11]} 37. axb5 {[%emt 0:01:44]} axb5 {[%emt 0:00:06]} 38. c5 {[%emt 0:01:14]} e5+ {[%emt 0:00:15]} 39. Ke3 {[%emt 0:02:39]} Bg4 {[%emt 0:01:17]} 40. Nb4 {[%emt 0:04:25]} Rxc5 {[%emt 0:02:48]} 41. Ra1 {[%emt 0:01:56]} Be6 {[%emt 0:05:18]} 42. Ra7+ {[%emt 0:01:47]} Kf6 {[%emt 0:01:46]} 43. Na6 {[%emt 0:01:42]} Rc2 {[%emt 0:01:17]} 44. Nc7 {[%emt 0:01:38]} Rxh2 {[%emt 0:00:11]} 0-1

[Event "Czech Open GM 2020"]
[Site "Pardubice"]
[Date "2020.09.24"]
[Round "4.20"]
[White "Nemec, Jachym"]
[Black "Kulhanek, Tomas"]
[Result "1-0"]
[WhiteElo "2150"]
[BlackElo "2332"]
[Annotator "NA"]
[PlyCount "65"]
[EventDate "2020.09.21"]
[EventCountry "CZE"]
[SourceTitle "playchess.com"]
[Source "ChessBase"]
[SourceQuality "1"]
[TimeControl "40/5400+30:1800+30"]

1. d4 {[%emt 0:00:00]} d6 {[%emt 0:03:21]} 2. e4 {[%emt 0:00:00]} Nf6 {[%emt 0:00:06]} 3. Nc3 {[%emt 0:00:00]} g6 {[%emt 0:00:41]} 4. f4 {[%emt 0:00:00]} Bg7 {[%emt 0:00:05]} 5. Nf3 {[%emt 0:00:02]} O-O {[%emt 0:00:06]} 6. e5 {[%emt 0:00:04]} Nfd7 {[%emt 0:01:05]} 7. Bc4 {[%emt 0:00:08]} c5 {[%emt 0:01:45]} 8. e6 {[%emt 0:00:09]} fxe6 {[%emt 0:01:14]} 9. Ng5 {[%emt 0:06:54]} Nb6 {[%emt 0:01:49]} 10. Bxe6+ {[%emt 0:00:42]} Bxe6 {[%emt 0:01:52]} 11. Nxe6 {[%emt 0:00:43]} Qc8 {[%emt 0:00:15]} 12. Nxf8 {[%emt 0:00:22]} cxd4 {[%emt 0:01:28]} 13. Ne2 {[%emt 0:08:18]} Nc6 {[%emt 0:01:13]} 14. Nxh7 {[%emt 0:01:45]} Kxh7 {[%emt 0:00:03]} 15. O-O {[%emt 0:00:20]} e6 {[%emt 0:09:48]} 16. a4 {[%emt 0:13:20]} Nd5 {[%emt 0:06:03]} 17. Ra3 {[%emt 0:01:57]} Qf8 {[%emt 0:00:25]} 18. Rh3+ {[%emt 0:01:31]} Kg8 {[%emt 0:00:09]} 19. g4 {[%emt 0:00:35]} Rc8 {[%emt 0:07:02]} 20. f5 {[%emt 0:02:51]} exf5 {[%emt 0:06:15]} 21. gxf5 {[%emt 0:00:22]} gxf5 {[%emt 0:00:14]} 22. Ng3 {[%emt 0:05:11]} Nce7 {[%emt 0:09:27]} 23. Nxf5 {[%emt 0:12:44]} Nxf5 {[%emt 0:00:49]} 24. Qh5 {[%emt 0:00:06]} Nf6 {[%emt 0:07:56]} 25. Qxf5 {[%emt 0:00:05]} Rc5 {[%emt 0:00:36]} 26. Qe6+ {[%emt 0:03:44]} Qf7 {[%emt 0:00:01]} 27. Qxd6 {[%emt 0:02:26]} Rxc2 {[%emt 0:07:42]} 28. Rg3 {[%emt 0:00:39]} Kh8 {[%emt 0:10:12]} 29. Qf4 {[%emt 0:11:35]} Qc7 {[%emt 0:12:40]} 30. Qh4+ {[%emt 0:00:24]} Nh7 {[%emt 0:00:56]} 31. Bh6 {[%emt 0:00:21]} Be5 {[%emt 0:02:26]} 32. Rf8+ {[%emt 0:00:18]} Nxf8 {[%emt 0:00:07]} 33. Bg7+ {[%emt 0:00:04]} 1-0